Tercera carta pastoral con motivo de la última alocución de su Santidad, Pío IX

Detalles Bibliográficos
Autor principal: GUERRA, José Ma. del Refugio
Formato: Libro
Publicado: Zacatecas 1873
Materias:
Colección:Banco de datos
Acervo:Biblioteca del Ex Convento de Nuestra Señora de Guadalupe. Zacatecas
Tema general:Pastoral
Notas:Buena. XXI,5,16 (6669)
LEADER 00710nam a22001930004500
035 |a 44375 
036 |a 5559 
100 1 |a GUERRA, José Ma. del Refugio 
245 1 0 |a Tercera carta pastoral con motivo de la última alocución de su Santidad, Pío IX 
260 |a Zacatecas  |b imp. Mariano R. Esparza  |c 1873 
500 |a Buena. XXI,5,16 (6669) 
650 1 0 |a Pastoral 
949 |a CRZ-CG 
959 |a Ex convento de Nuestra Señora de Guadalupe, Museo Regional de Zacatecas, Zacatecas  |b CCC4 
960 |a Convento de Nuestra Señora de Guadalupe, Zacatecas  |b DD87 
961 |a Franciscana  |b OF 
942 |c CRZ-CG 
943 |g Biblioteca del Ex Convento de Nuestra Señora de Guadalupe. Zacatecas 
999 |c 968502  |d 968502